| 000 | 007710000a22002170004500 | ||
|---|---|---|---|
| 003 | LK-CoMWRAF | ||
| 008 | 230817t1992 ||||| |||| 00| 0 eng d | ||
| 020 | _a9840800949 | ||
| 040 |
_aLK-CoMWRAF _dLK-CoMWRAF _eLK-CoMWRAF |
||
| 041 | _aeng | ||
| 082 |
_a303.4 _bBAN |
||
| 111 |
_aNATIONAL SEMINAR ON 'BANGLADESH AND SAARC: ISSUES, PERSPECTIVES AND OUTLOOK _d(23-24 August 1992) |
||
| 245 |
_aBangladesh and SAARC: _bIssues, Perspective and Outlook |
||
| 260 |
_aDhaka: _bAcademic Publishers, _c1992 |
||
| 300 |
_axiii, 350 p. ; 23 cm. _bBibliography included |
||
| 650 | _aSouth Asian Association for Regional Cooperation--Congresses. | ||
| 650 | _aBANGLADESH-Relations-South Asia | ||
| 700 |
_a Iftekharuzzaman, _eed. |
||
| 700 |
_aAhmed, Imitiaz _eed. |
||
| 942 | _cCP | ||
| 999 |
_c1590 _d1590 |
||